000 00383nam a2200133 a 4500
005 20140414132055.0
008 100520s19uu xx 00 eng d
050 _aREF 576
_bE86 2002
245 _aEvolution.
260 _aMilwaukee, WI :
_bGareth Stevens,
_c2002.
440 _aDiscovery Channel school science: the plant and animal kingdom
650 _aEvolution
999 _c114302
_d114302